Secret Chambers and Hiding Places : (Record no. 250406)
[ view plain ]
| 000 -LEADER | |
|---|---|
| fixed length control field | 00924cam a22002773a 4500 |
| 001 - CONTROL NUMBER | |
| control field | 21151 |
| 003 - CONTROL NUMBER IDENTIFIER | |
| control field | PGUSA |
| 005 - DATE AND TIME OF LATEST TRANSACTION | |
| control field | 20140828083441.0 |
| 008 - FIXED-LENGTH DATA ELEMENTS--GENERAL INFORMATION | |
| fixed length control field | 070519s2007||||xxu|||||s|||||000 | eng d |
| 040 ## - CATALOGING SOURCE | |
| Original cataloging agency | PGUSA |
| Language of cataloging | eng |
| 042 ## - AUTHENTICATION CODE | |
| Authentication code | dc |
| 050 #4 - LIBRARY OF CONGRESS CALL NUMBER | |
| Classification number | DA |
| 100 1# - MAIN ENTRY--PERSONAL NAME | |
| Personal name | Fea, Allan, |
| Dates associated with a name | 1860-1956 |
| 245 10 - TITLE STATEMENT | |
| Title | Secret Chambers and Hiding Places : |
| Remainder of title | Historic, Romantic, and Legendary Stories and Traditions About Hiding-Holes, Secret Chambers, Etc. |
| Medium | [electronic resource] / |
| Statement of responsibility, etc | Allan Fea |
| 260 ## - PUBLICATION, DISTRIBUTION, ETC. (IMPRINT) | |
| Name of publisher, distributor, etc | Project Gutenberg, |
| Date of publication, distribution, etc | 2007 |
| 506 ## - RESTRICTIONS ON ACCESS NOTE | |
| Terms governing access | Public domain in the USA. |
| 516 ## - TYPE OF COMPUTER FILE OR DATA NOTE | |
| Type of computer file or data note | Electronic text |
| 653 ## - INDEX TERM--UNCONTROLLED | |
| Uncontrolled term | Persecution |
| 653 ## - INDEX TERM--UNCONTROLLED | |
| Uncontrolled term | Jacobites |
| 653 ## - INDEX TERM--UNCONTROLLED | |
| Uncontrolled term | Hiding places -- Great Britain |
| 653 ## - INDEX TERM--UNCONTROLLED | |
| Uncontrolled term | Great Britain -- Social life and customs -- 17th century -- Sources |
| 653 ## - INDEX TERM--UNCONTROLLED | |
| Uncontrolled term | Catholic Church -- England |
| 830 #0 - SERIES ADDED ENTRY--UNIFORM TITLE | |
| Uniform title | Project Gutenberg |
| Volume number/sequential designation | 21151 |
| 856 40 - ELECTRONIC LOCATION AND ACCESS | |
| Uniform Resource Identifier | <a href="http://www.gutenberg.org/ebooks/21151">http://www.gutenberg.org/ebooks/21151</a> |
| 942 ## - ADDED ENTRY ELEMENTS (KOHA) | |
| Koha item type | eBooks |
| Withdrawn status | Lost status | Damaged status | Home library | Current library | Date acquired | Total Checkouts | Date last seen | Price effective from | Koha item type |
|---|---|---|---|---|---|---|---|---|---|
| Project Gutenberg | Project Gutenberg | 08/28/2014 | 08/28/2014 | 08/28/2014 | eBooks |